00504nam a22001457a 4500020001600000082000800016100005400024245009200078260003100170300003000201563000600231650004100237700002300278856005700301 qHard Cover. a004 aHaroon Rasheed Ramy ; Usama Tahir and Ameer Hamza aBridging the Language Gap - BachpanacHaroon Rasheed Ramy, Usama Tahir and Ameer Hamza. aIslamabad :bSEECS - NUST, a27 p. ill. : c30cm,eCD. aa aSoftware Engineering-Project Report. aMr. Majid Maqbool. uhttp://10.250.8.41:8080/xmlui/handle/123456789/19059